000 00398nam a2200133Ia 4500
008 100328s9999 xx 000 0 und d
082 _b56476
100 _aसोनवणी संजय
245 _aअखेरचा सम्राट.
260 _bपुष्प
630 _aअखेरचा सम्राट.
730 _aअखेरचा सम्राट.
942 _cBOOK
999 _c543036
_d543033